000 00636nam a22002297a 4500
003 UA-OsUOA
001 875
007 ta
008 20050707b un ||||| |||| 00| 0 ukr d
100 _aХудаш Л.С.
090 _a82.09(477)
_bХ98
942 _cBK
040 _aUA-OsUOA
_bukr
_cUA-OsUOA
_dUA-OsUOA
245 _aВивчення повісті " Борислав сміється" в школі
300 _a94 с.
955 _a2
041 _aukr
080 _a82.09(477)
260 _aК.
_bРад.школа
_c1957
650 7 _a82 Література. Літературознавство
_2UDC
999 _c286986
_d286986